Transnacionálne korporácie v krajinách strednej a východnej Európy bakalárska práca

Na minha lista:
Detalhes bibliográficos
Autor principal: Targoš, Marek
Autor Corporativo: Fakulta medzinárodných vzťahov EU. Katedra medzinárodných ekonomických vzťahov a hospodárskej diplomacie
Outros Autores: Gálová, Lucia
Formato: Livro
Idioma:eslovaco
Publicado em: Bratislava 2009
Tags: Adicionar Tag
Sem tags, seja o primeiro a adicionar uma tag!

MARC

LEADER 00000nam$a2200000$$$4500
001 0099990
005 20240318140952.7
041 0 |a slo 
044 |a SK 
245 1 0 |a Transnacionálne korporácie v krajinách strednej a východnej Európy  |b bakalárska práca  |c Marek Targoš ; škol. Lucia Gálová 
264 1 |a Bratislava  |c 2009 
300 |a 44 s. 
100 1 |a Targoš, Marek 
700 1 |a Gálová, Lucia 
710 2 |a Fakulta medzinárodných vzťahov EU. Katedra medzinárodných ekonomických vzťahov a hospodárskej diplomacie